Knižka o rodine Hovoríme so spisovateľkou pre deti Janou Šimulčíkovou

Bibliographic Details
Main Authors: Balák, Štefan, 1944-2014 (Author), Šimulčíková, Jana, 1937-2025 (Author)
Format: Article
Language:Slovak
PhysicalDescription:Fot. 1.
Subjects:

MARC

LEADER 00000nab a2200000 a 4500
001 vtls000301248
003 SK-MaSNL
005 20260305003231.0
008 160215c1988 xo 0 slo
015 |a SNBRB19rr/mm-uuuuu 
035 |a CL0311367 
040 |a SNKBUCL  |b slo  |c SNKBUCL  |e AACR2 
041 0 |a slo 
044 |a xo  |c SK 
080 |a 82:929:885.4  |2 1981 
080 |a 929  |2 1981 
080 |a 885.4  |2 1981 
080 |a 929 Šimulčíková, Jana  |2 1981 
100 1 |a Balák, Štefan,  |d 1944-2014  |4 aut  |9 102338 
245 1 0 |a Knižka o rodine  |b Hovoríme so spisovateľkou pre deti Janou Šimulčíkovou  |c Š. Balák, Jana Šimulčíková ; Štefan Balák 
300 |b Fot. 1. 
600 1 7 |a Šimulčíková, Jana,  |d 1937-2025  |2 snkbucl  |9 190254 
655 7 |a články z novín a časopisov  |2 snkbucl  |9 267496 
655 7 |a články z odboru literárna veda a krásna literatúra  |2 snkbucl  |9 770045 
700 1 |a Šimulčíková, Jana,  |d 1937-2025  |4 aut  |9 190254 
700 1 |a Balák, Štefan,  |d 1944-2014  |4 aut  |9 102338 
773 0 |t Práca  |g Roč. 43, č. 10 (14. 1. 1988), s. 6 
850 |a Slovenská národná knižnica v Martine  |a MTA001 
852 |a SNK  |b KIS3GCP 
958 |a BX 
958 |a RK 
958 |a LX 
992 |a RBX 
999 |c 3229366  |d 3231296